Online
Catalog

Competitividad y desarrollo de la fuerza laboral : (Record no. 39422)

MARC details
000 -CABECERA
campo de control de longitud fija 00555nam a2200145 a 4500
001 - NÚMERO DE CONTROL
campo de control 000039932
005 - FECHA Y HORA DE LA ÚLTIMA TRANSACCIÓN
campo de control 20250207073535.0
008 - DATOS DE LONGITUD FIJA--INFORMACIÓN GENERAL
campo de control de longitud fija 130730s2008 dr ad 000 0 spa d
040 ## - FUENTE DE LA CATALOGACIÓN
Centro catalogador/agencia de origen DO-SdBNP
Lengua de catalogación spa
Centro/agencia transcriptor BNPHU
110 2# - ENTRADA PRINCIPAL--NOMBRE DE ENTIDAD CORPORATIVA
Nombre de entidad corporativa o nombre de jurisdicción como elemento de entrada INFOTEP (Agencia)
9 (RLIN) 78644
245 10 - MENCIÓN DE TÍTULO
Título Competitividad y desarrollo de la fuerza laboral :
Resto del título oferta y demanda de capacitación en República Dominicana /
Mención de responsabilidad, etc. Ralando M. Guzmán.
260 ## - PUBLICACIÓN, DISTRIBUCIÓN, ETC.
Lugar de publicación, distribución, etc. Santo Domingo :
Nombre del editor, distribuidor, etc. Consejo Nacional de Competitividad,
Fecha de publicación, distribución, etc. 2008.
300 ## - DESCRIPCIÓN FÍSICA
Extensión 132 p. :
Otras características físicas il., gráfs. ;
Dimensiones 26 cm.
700 1# - PUNTO DE ACCESO ADICIONAL--NOMBRE DE PERSONA
Nombre de persona Guzmán, Rolando M.
9 (RLIN) 18774
Holdings
Estado de retiro Estado de pérdida No para préstamo Código de colección Localización permanente Ubicación/localización actual Ubicación en estantería Fecha de adquisición Número de inventario Total de préstamos Signatura topográfica completa Código de barras Fecha visto por última vez Precio válido a partir de Tipo de ítem Koha
    Excluido de préstamo Patrimonio Dominicano Patrimonio Dominicano Patrimonio Dominicano En catalogación 30.07.2013 LF1   39932-10 25.06.2020 25.06.2020 Libro y Folleto Colección Patrimonio Dominicano

Powered by Koha